| 000 | 00436 a2200157 4500 | ||
|---|---|---|---|
| 005 | 20250625134440.0 | ||
| 020 | _a0-273-70847-3 | ||
| 082 | _a658.5 SLA | ||
| 100 | _aSLACK, N. | ||
| 245 | _aOperation Management. | ||
| 250 | _a5th Ed, | ||
| 260 |
_aPrentice Hall, _bPearson Education, _c2007. |
||
| 300 |
_axxiv. 728p.; ill figure, table & picture _b Glossary & Index _c26.5cm |
||
| 700 | _aCHAMBERS, S., JOHNSTON, R. | ||
| 942 |
_2ddc _cBKS |
||
| 999 |
_c4777 _d4777 |
||